000
00311nam a2200145Ia 4500
100
_a
Russell/Ken/ Carter/Philip
942
_c
BK
366
_f
20
245
_a
Book of IQ tests-Book 5
260
_b
Kogan Page
_c
2010
082
_a
153.93
_b
RUS
300
_a
215
546
_a
ENGLISH
_c
Computers
999
_c
28475
_d
28475